000 00766nam a2200229Ia 4500
003 GCL
005 20240530095318.0
008 140319s9999 xx 000 0 ara d
020 _a2155421977
040 _aGCL /
_cGCL
082 0 4 _a363.7
_bق/ع ح
100 1 _aعلاء غنام (ترجمة)
245 1 0 _aحماية البيئة فى مصر :
_bاختيار مصير /
_cعلاء غنام (ترجمة)
260 _aالقاهرة :
_bمركز الدراسات القانونية لحقوق الانسان ،
_c1997
300 _a105 ص ؛
_c24 سم
650 0 4 _aتلوث البيئة
650 0 4 _aحماية البيئة
650 0 4 _aحقوق الانسان
650 0 4 _aنهر النيل
650 0 4 _aالمياه - تلوث
942 _2ddc
_cBK
999 _c6045
_d6045